000 00743nam a22002297a 4500
999 _c173993
_d173993
005 20200313145400.0
010 _aENG-128028
020 _a9789353437442
_c650.00
035 _aEN-111560
037 _bDBAD/PUB
082 _a174.4
100 _aFernando,A.C
245 _aBusiness Ethics:
_cby A.C. Fernando, K.P. Muraleedharan [and] E.K.Satheesh
_b an Indian Perspective/
250 _a3rd.
260 _aNoida
_bPearson
_c2020
270 _a15th floor,Tower-B,World Trade Tower,plot no.1,Block-c,sector 16
_bNoida
_e201301
300 _axvii;588p.
_c26cm(pbk)
500 _aincludes bibliographical references and index
700 _a Muraleedharan,K.P
700 _aSatheesh,E.K
942 _2ddc
_cEN
_h174.4
_mFER